Szczegóły MARC21

Investiturstreit und frühe Stauferzeit : 1056-1197 /

003 -Nazwa inst., której nr kontr. jest w polu 001 [,]
    • @
    • Nazwa instytucji, której n kontrolny jest w polu 001
    • NUKAT
005 -DATA I CZAS OSTATNIEJ MODYFIKACJI [,]
    • @
    • pole kontrolne
    • 20241231093743.0
020 -Międzynarod. znormalizowany nr książki - ISBN [ , ]
    • a
    • Numer ISBN
    • 3423042044 Find
040 -Instytucja sporządzająca opis [ , ]
    • a
    • Instytucja, która sporządziła opis (NP)
    • SZCZ U/JS
    • b
    • Język katalogowania
    • pol
    • e
    • Zasady katalogowania
    • rda
    • c
    • Instytucja, która sporządziła rekord (NP)
    • SZCZ U/JSs
    • d
    • Instytucja, która zmodyfikowała rekord (P)
    • WA U/MKK
942 -Rodzaj dokumentu [ , ]
    • c
    • Rodzaj dokumentu
    • Książka
100 -Hasło główne - nazwa osobowa [1, ]
    • a
    • Nazwa osobowa (NP)
    • Jordan, Karl
    • d
    • Daty biograficzne (NP)
    • (1907-1984).
    • e
    • Rodzaj współpracy
    • Autor
    • 9
    • KHW
    • 443985
245 -Strefa tytułu i oznaczenia odpowiedzialności [1,0]
    • a
    • Tytuł
    • Investiturstreit und frühe Stauferzeit : Find
    • b
    • Ciąg dalszy tytułu (NP)
    • 1056-1197 / Find
    • c
    • Pozostałe elementy strefy tytułu i oznaczenia odpowiedzialności (NP)
    • Karl Jordan.
250 -Strefa wydania [ , ]
    • a
    • Oznaczenie wydania (NP)
    • 8. Auflage : 52. bis 57. Tausend.
260 -Strefa adresu wydawniczego [ , ]
    • a
    • Miejsce wydania (P)
    • München :
    • b
    • Nazwa wydawcy (P)
    • Deutscher Taschenbuch Verlag,
    • c
    • Data wydania (P)
    • 1984.
300 -Strefa opisu fizycznego [ , ]
    • a
    • Określenie formy książki i/lub objętość (NP)
    • 206, [1] strona ;
    • c
    • Format (NP)
    • 18 cm.
336 -Typ zawartości [ , ]
    • a
    • Termin opisujący typ zawartości
    • Tekst
    • b
    • Kod określający zawartość
    • txt
    • 2
    • Źródło (terminu i kodu)
    • rdacontent
337 -Typ mediów [ , ]
    • a
    • Tryb odtwarzania
    • Bez urządzenia pośredniczącego
    • b
    • Kod typu mediów
    • n
    • 2
    • Źródło (terminu i kodu)
    • rdamedia
338 -Typ/rodzaj nośnika [ , ]
    • a
    • Hasło opisujące typ nośnika
    • Wolumin
    • b
    • Kod typu nośnika
    • nc
    • 2
    • Źródło (terminu i kodu)
    • rdacarrier
490 -Strefa serii i książki wielotomowej - forma nie do wyszukiwania [1, ]
    • a
    • Tytuł (P)
    • Gebhardt : Handbuch der Deutschen Geschichte / herausgegeben von Herbert Grundmann. - 9., neu bearbeitete Auflage ; Find
    • v
    • Numeracja (P)
    • Bd. 4
490 -Strefa serii i książki wielotomowej - forma nie do wyszukiwania [1, ]
    • a
    • Tytuł (P)
    • Dtv wissenschaft ; Find
    • v
    • Numeracja (P)
    • 4204
830 -Hasło dodatkowe serii i opisu książki wielotomowej - tytuł ujednolicony/tytuł [ ,0]
    • a
    • Tytuł ujednolicony/tytuł (NP)
    • Dtv
    • x
    • ISSN
    • 0416-5675
    • v
    • Oznaczenie tomu (NP)
    • 4204
    • 9
    • KHW
    • 60375
830 -Hasło dodatkowe serii i opisu książki wielotomowej - tytuł ujednolicony/tytuł [ ,0]
    • a
    • Tytuł ujednolicony/tytuł (NP)
    • Handbuch der deutschen Geschichte - Gebhardt (Monachium)
    • v
    • Oznaczenie tomu (NP)
    • Bd. 4
    • 9
    • KHW
    • 587868
500 -Uwaga ogólna [ , ]
    • a
    • Uwaga ogólna (NP)
    • Band 4 der Taschenbuchausgabe enthält den ungekürzten Text des Handbuchs der deutschen Geschichte, Band 1: Frühzeit und Mittelalter, Teil 4.
504 -Uwaga dot. bibliogr. załącznikowej [ , ]
    • a
    • Uwaga dot. bibliografii załącznikowej
    • Bibliografia na stronach 184-190. Indeks.
651 -Hasło przedmiotowe w formie nazwy geograficznej [ ,7]
    • a
    • Nazwa geograficzna
    • Niemcy
    • y
    • Określnik chronologiczny
    • 1125-1137 (Lotar III).
    • 2
    • Źródło terminu
    • kaba
    • 9
    • KHW
    • 121271
651 -Hasło przedmiotowe w formie nazwy geograficznej [ ,7]
    • a
    • Nazwa geograficzna
    • Niemcy
    • y
    • Określnik chronologiczny
    • 1138-1254 (Hohenstaufowie).
    • 2
    • Źródło terminu
    • kaba
    • 9
    • KHW
    • 121272
651 -Hasło przedmiotowe w formie nazwy geograficznej [ ,7]
    • a
    • Nazwa geograficzna
    • Święte Cesarstwo Rzymskie Narodu Niemieckiego
    • y
    • Określnik chronologiczny
    • 1024-1125 (Dynastia frankońska).
    • 2
    • Źródło terminu
    • kaba
    • 9
    • KHW
    • 140829
700 -Hasło dodatkowe - nazwa osobowa [1, ]
    • a
    • Nazwa osobowa (NP)
    • Grundmann, Herbert Find
    • d
    • Daty biograficzne (NP)
    • (1902-1970).
    • e
    • Określenie rodzaju współpracy
    • Redakcja
    • 9
    • KHW
    • 443984
710 -Hasło dodatkowe - nazwa ciała zbiorowego [2, ]
    • a
    • Nazwa ciała zbiorowego lub nazwa geograficzna jako pierwszy element (NP)
    • Deutscher Taschenbuch-Verlag.
    • e
    • Rodzaj współpracy
    • Wydawca
    • 4
    • Kod relacji
    • pbl
    • 9
    • KHW
    • 78194
920 -ISBN [ , ]
    • a
    • ISBN
    • 3-423-04204-4 Find
Sygnatura Status udost. Lokalizacja Numer inwentarzowy
GERM. Historia Niemiec 081BMG.1752